Bytová politika v Slovenskej republike v kontexte socio-ekonomických vplyvov

Analýza bytovej politiky, bytovej výstavby v Slovenskej republike a jej dopadov prostredníctvom vybraných ukazovateľov.

Na minha lista:
Detalhes bibliográficos
Autor principal: Vidová, Jarmila, 1967-
Formato: Capítulo de Livro
Idioma:eslovaco
Assuntos:
Tags: Adicionar Tag
Sem tags, seja o primeiro a adicionar uma tag!

MARC

LEADER 00000naa a2200000 4500
001 0241321
005 20240502103714.6
041 0 |a slo 
044 |a SK 
245 1 0 |a Bytová politika v Slovenskej republike v kontexte socio-ekonomických vplyvov  |c Jarmila Vidová 
520 |a Analýza bytovej politiky, bytovej výstavby v Slovenskej republike a jej dopadov prostredníctvom vybraných ukazovateľov. 
610 2 0 |a analýza ekonomická 
610 2 0 |a výstavba bytová 
610 2 0 |a politika bytová 
610 2 0 |a Slovensko 
610 2 0 |a politika sociálna 
100 1 |a Vidová, Jarmila, 1967-